01585nam a2200361 a 4500001001000000003000500010005001700015008004100032010001100073011001100084040000900095090001000104100003800114245015500152260004100307500006000348502009400408590004100502590004100543590004000584650004100624650004600665650003200711650005200743700004000795856007000835901000700905942001000912942000600922999001900928952014000947952013601087000111036CHAP20220329144155.0141126s2014 mx a |sm |||||||spa d a107498 a108470 cCHAP aTesis1 aFilerio Arreola, Mónica912882013aLa economía de la carne en la comarca lagunera, y sus factores determinantesh[En línea]cpor Monica Filerio Arreola y Filiberto Olivares Morales. aBermejillo, Dgo. :bEl autor,c2014. aPara ver el contenido del material haga clic en la liga aTesis (Ing. en Sistemas Pecuarios) -- UACH. Unidad Regional Universitaria de Zonas Aridas aE11695DGDb10c20141127lUCH01h1028 aE11695DGDb10c20141127lUCH01h1028 aE5652GLJb05c20141126lUCH01h112914aCarnexAspectos económicos.91906214aCarnexPrecioszComarca Lagunera.912883414aCarnexProducción.91910914aGanado de carnexCostos de producción.9450771 aOlivares Morales, Filiberto9128821 aFinding aiduhttp://10.13.5.2/tesis/sist111036.pdfzTeclea aquí aBK cTESIS n0 c107498d107498 00102local4053708TESISaBCbBCcPA_TESISd2014-11-26fTESISl0oTesisp33724002432835r2019-12-31 00:00:00tc.2w2019-12-31yTESIS 00104054718TESISaBCbBCd2014-11-26fTESISl0oTesisp33724002432876r2019-12-31 00:00:00w2019-12-31yTESISzRecien adquirido